000 01015nab a22002297a 4500
999 _c6551
_d6551
003 OSt
005 20260223141040.0
008 190506c xxu||||| |||| 00| 0 spa d
040 _cPJ
100 _94182
_aDíaz, Viviana Laura
245 1 3 _aLa neuroergonomía cognitiva como factor clave en la prevención de los riesgos laborales, motivados por el cambio climático. Cerebro - riesgos laborales - ambiente :
_buna triada en continua evolución /
_cViviana Laura Díaz.
260 _aBuenos Aires :
_bAbeledoPerrot,
_c2024.
300 _ap. 3-8
500 _aCita: TR LALEY AR/DOC/1395/2024.
505 _t¿Te interesa el texto completo? Comunicate al correo: koha@justierradelfuego.gov.ar
650 0 _91316
_aDERECHO LABORAL
650 0 _91430
_aRIESGOS DEL TRABAJO
650 0 _91406
_aINCAPACIDAD LABORAL
650 0 _91482
_aLEY SOBRE RIESGOS DEL TRABAJO
773 0 _02751
_93202
_dBuenos Aires : AbeledoPerrot, 2013-
_tRevista de derecho laboral y seguridad social. Nº 13 - Julio 2024
942 _2udc
_cANA